000 00463nam a2200181Ia 4500
001 7832
005 20260306160524.0
008 260306t2003||||xx |||||||||||||| ||spa||
041 _aESP
082 _a362.5
_bV34
100 _aVásquez Huamán, Enrique
_eAUT
245 0 _aLos desafíos de la lucha contra la pobreza extrema en el Perú
260 _c2003
300 _a289 páginas :
_c21 cm.
650 _aGEN
654 _aCAN
942 _cLIB
_dJUS
_fJUS
_2ddc
_n
999 _c7832
_d7832